L'intime est-il (in)soluble ? (notice n° 1646683)
[ vue normale ]
| 000 -LEADER | |
|---|---|
| fixed length control field | 00831cam a2200205 4500500 |
| 005 - DATE AND TIME OF LATEST TRANSACTION | |
| control field | 20260208002638.0 |
| 041 ## - LANGUAGE CODE | |
| Language code of text/sound track or separate title | fre |
| 042 ## - AUTHENTICATION CODE | |
| Authentication code | dc |
| 100 10 - MAIN ENTRY--PERSONAL NAME | |
| Personal name | Miedzyrzecki, Jacques |
| Relator term | author |
| 245 00 - TITLE STATEMENT | |
| Title | L'intime est-il (in)soluble ? |
| 260 ## - PUBLICATION, DISTRIBUTION, ETC. | |
| Date of publication, distribution, etc. | 2010.<br/> |
| 500 ## - GENERAL NOTE | |
| General note | 27 |
| 520 ## - SUMMARY, ETC. | |
| Summary, etc. | RésuméC’est au travers de la notion d’intime envisagée comme un mouvement économique et non comme une catégorie que l’auteur se pose la question des remaniements induits par la modernité postfreudienne et scientifique dans les rapports du sujet avec le monde actuel. |
| 690 ## - LOCAL SUBJECT ADDED ENTRY--TOPICAL TERM (OCLC, RLIN) | |
| Topical term or geographic name as entry element | intime |
| 690 ## - LOCAL SUBJECT ADDED ENTRY--TOPICAL TERM (OCLC, RLIN) | |
| Topical term or geographic name as entry element | modernité |
| 690 ## - LOCAL SUBJECT ADDED ENTRY--TOPICAL TERM (OCLC, RLIN) | |
| Topical term or geographic name as entry element | psychanalyse |
| 690 ## - LOCAL SUBJECT ADDED ENTRY--TOPICAL TERM (OCLC, RLIN) | |
| Topical term or geographic name as entry element | voyeurisme |
| 786 0# - DATA SOURCE ENTRY | |
| Note | Empan | 77 | 1 | 2010-05-17 | p. 79-81 | 1152-3336 |
| 856 41 - ELECTRONIC LOCATION AND ACCESS | |
| Uniform Resource Identifier | <a href="https://shs.cairn.info/revue-empan-2010-1-page-79?lang=fr&redirect-ssocas=7080">https://shs.cairn.info/revue-empan-2010-1-page-79?lang=fr&redirect-ssocas=7080</a> |
Pas d'exemplaire disponible.




Réseaux sociaux